000 00296nam a22001337a 4500
008 170127b xxu||||| |||| 00| 0 eng d
020 _a9780323024143
041 _aeng
080 _221ST
_a61
100 _a3
101 _aSHM
245 _aINTRAVENOUS MEDICATIONS
_cGAHART, B.L
942 _2udc
_cBK
999 _c3844
_d3844